[Event "World Women-ch"]
[Site "Tirana"]
[Date "2011.11.18"]
[Round "4"]
[White "Hou, Yifan"]
[Black "Koneru, Humpy"]
[Result "1/2-1/2"]
[WhiteElo "2578"]
[BlackElo "2600"]
[Annotator "Mikhalchishin,A"]
[PlyCount "115"]
[EventDate "2011.11.14"]
[EventType "match"]
[EventRounds "10"]
[EventCountry "ALB"]
[SourceTitle "CBM 146"]
[Source "ChessBase"]
[SourceDate "2012.01.18"]
[SourceVersion "1"]
[SourceVersionDate "2012.01.18"]
[SourceQuality "1"]

1. e4 e5 2. Nf3 Nc6 3. Bb5 a6 4. Ba4 Nf6 5. O-O Nxe4 6. d4 b5 7. Bb3 d5 8. dxe5
Be6 9. Nbd2 Nc5 10. c3 Be7 11. Bc2 d4 12. Nb3 {This position has become
popular among the fans of the Open Spanish recently. White can move into a
slightly better ending, which happened in the game, but without any real
winning chances. It's possible to concludes that Koneru had no real problems
with Black in the match.} (12. cxd4 Nxd4 13. Nxd4 Qxd4 14. Nf3 Qxd1 15. Rxd1
O-O 16. Nd4 ({Black was able to hold the draw easily after} 16. Ng5 h6 17. Bh7+
Kh8 18. Nxe6 Nxe6 19. Be4 Rad8 20. Be3 Bg5 21. Bxg5 hxg5 22. Kf1 g6 {1/2
Efimenko,Z (2703)-Caruana,F (2712)/Poikovsky RUS 2011}) 16... Rfd8 17. b4 Na4
18. Nc6 Rxd1+ 19. Bxd1 Bf8 20. Bf3 Re8 21. a3 Nb6 22. g3 h6 23. h4 g6 24. Bg2
Bg7 25. f4 f6 26. Bb2 fxe5 27. Bxe5 Nc4 28. Bxg7 Kxg7 29. a4 bxa4 30. Rxa4 Bg4
31. Ra2 Re3 {and here Koneru had to suffer a bit, Hou Yifan (2578)-Koneru,H 
(2600)/Tirana 2011.}) 12... d3 13. Nxc5 ({The bishop retreat led to sharper
positions:} 13. Bb1 Nxb3 14. axb3 Bf5 15. b4 O-O 16. Re1 Qd5 (16... Bg6 {
is very tempting:} 17. h3 a5 18. bxa5 Rxa5 19. Rxa5 Nxa5 20. e6 fxe6 21. Rxe6
c5 22. Qe1 Bf6 23. Bf4 c4 24. Bd6 Bf7 {with good counterplay, Shirov,A (2722)
-L'Ami,E (2628)/Wijk aan Zee NED 2011}) (16... Qd7 17. h3 Bg6 18. Ba2 Kh8 19.
Bf4 a5 20. bxa5 Rxa5 21. b4 Ra4 22. Bb3 Rxa1 23. Qxa1 Nd8 24. Qa7 Ne6 25. Bd2
Rd8 $11 {Shirov,A (2723)-Caruana,F (2675)/Wijk aan Zee NED 2010}) 17. h3 Rfd8
18. g4 Be6 19. Re3 h5 20. Qxd3 Qxd3 21. Bxd3 hxg4 22. hxg4 Bd5 23. Bc2 Bxf3 24.
Rxf3 Nxe5 25. Rh3 g6 26. g5 Re8 27. Bf4 Bf8 28. Re3 Bd6 29. Bb3 Nc4 30. Bxc4
Bxf4 31. Rf3 Bh2+ 32. Kxh2 bxc4 33. Rf4 Re5 34. Rxc4 Rxg5 {Karjakin,S (2723)
-Mamedyarov,S (2719)/Khanty-Mansiysk RUS 2009. White has just a slightly
better endgame.}) 13... dxc2 14. Qxd8+ Rxd8 15. Nxe6 fxe6 16. Be3 Rd5 17. c4 {
The next critical situation. White has tried another idea here:} (17. Rfc1 Nxe5
18. Nxe5 Rxe5 19. Rxc2 (19. Bd4 Rg5 20. Rxc2 Kf7 21. Be3 $146 (21. a4) 21...
Rg4 22. b3 Rd8 23. g3 e5 24. Kg2 Rg6 25. c4 Rc6 26. Rac1 b4 27. c5 Rf6 28. Rc4
a5 29. Re4 Rd5 30. a3 bxa3 31. Ra4 Rd3 32. Rxa3 a4 33. Rxa4 Rxb3 34. h4 $14 {
Adams,M (2724)-Smeets,J (2538)/London 2007}) 19... O-O 20. g3 Bc5 21. Bxc5 Rxc5
22. Rd2 Rd5 23. Rxd5 exd5 24. a4 Rd8 25. axb5 axb5 26. Kf1 d4 27. Rd1 d3 28. b4
Rd5 29. Ke1 Re5+ 30. Kd2 Re2+ 31. Kxd3 Rxf2 $11 {Grigoryan,A (2580)-Petrosian,
T (2604)/Yerevan ARM 2011}) 17... bxc4 18. Rac1 Nb4 ({Worse is} 18... Nxe5 19.
Nxe5 Rxe5 20. Rxc2 Rb5 21. Rxc4 Rxb2 22. Rxc7 Kf7 23. g4 Re8 24. Rd1 Kg6 25. a4
Rb4 26. Rd4 a5 27. Rxb4 Bxb4 28. Kg2 Rd8 29. h4 {Svidler,P (2693)-Kaidanov,G 
(2629)/Moscow RUS 2003. Black has to try to hold a difficult endgame.}) 19. a3
Nd3 20. Rxc2 Kd7 21. Bd4 (21. Bc1 {was simpler.}) 21... Rb8 22. Bc3 c5 $6 ({
A more principled move was to improve the position of the bishop:} 22... Bc5)
23. Nd2 Nxe5 24. f4 ({It was possible to get a strong knight versus a bishop:} 
24. Bxe5 Rxe5 25. Nxc4 Rd5 26. g3) 24... Ng4 25. Nxc4 Bf6 {Nothing can be done
- this bishop has to be traded for anything Black can get!} 26. Re1 Bd4+ 27.
Bxd4 Rxd4 ({The pawn capture} 27... cxd4 {was worse:} 28. b4 Rbb5 29. Rce2) 28.
h3 Nf6 29. Ne5+ Kd6 30. Nf7+ Kd7 31. Ne5+ Kd6 32. Nf7+ ({Opening the position
was a bit better:} 32. b4 cxb4 33. Rc6+ Kd5 34. Rxa6 Rc8 35. Ra5+ Kd6 36. axb4
Rxb4 37. Ra6+) 32... Kd7 33. Rxc5 Rxb2 34. Ne5+ Ke8 (34... Kd6 {was bad:} 35.
Rc6+ Kd5 36. Rxa6 Rdd2 37. Ra5+) 35. Nf3 ({The adventure on the 7th rank was
more dangerous:} 35. Rc7 g6 36. Nc4 Kd8 37. Rc6) 35... Re4 $1 {Correct defence.
} 36. Rxe4 Nxe4 37. Re5 Nc3 38. Rxe6+ Kf8 39. Rxa6 Ne2+ 40. Kh2 Nxf4 41. Kg3
Nxg2 42. Re6 h6 43. Ne5 Ra2 44. a4 g5 {Now it is clear that it is not possible
to catch the knight - the draw is inevitable.} 45. Rxh6 Ne1 46. Rf6+ Kg7 47.
Rg6+ Kh7 48. Rxg5 Rxa4 49. h4 Ra3+ 50. Kg4 Ng2 51. h5 Ne3+ 52. Kf4 Nd5+ 53. Kf5
Ra5 54. Rg1 Ra2 55. Ng4 Ra5 56. Ke4 Nc3+ 57. Kd3 Nd5 58. Ke4 1/2-1/2

[Event "Tan Chin Nam Cup 5th"]
[Site "Shenyang"]
[Date "1999.07.14"]
[Round "6"]
[White "Sutovsky, Emil"]
[Black "Krasenkow, Michal"]
[Result "1/2-1/2"]
[WhiteElo "2587"]
[BlackElo "2647"]
[Annotator "Mikhalevski,V"]
[PlyCount "138"]
[EventDate "1999.07.08"]
[EventType "tourn"]
[EventRounds "9"]
[EventCountry "CHN"]
[EventCategory "13"]
[SourceTitle "CBM 073"]
[Source "ChessBase"]
[SourceDate "1999.12.01"]
[SourceVersion "1"]
[SourceVersionDate "1999.12.01"]
[SourceQuality "1"]

1. e4 e5 2. Nf3 Nc6 3. Bb5 a6 4. Ba4 Nf6 5. O-O Nxe4 6. d4 b5 7. Bb3 d5 8. dxe5
Be6 9. Nbd2 Nc5 10. c3 Be7 11. Bc2 d4 $5 {This line leads to the slightly
better for White endgame.However practice shows that draw is the most likely
result.} (11... Bg4 $5) 12. Ne4 d3 13. Nxc5 dxc2 14. Qxd8+ Rxd8 ({Ftacnik} 
14... Nxd8 15. Nxe6 Nxe6 16. Be3 $16) 15. Nxe6 fxe6 16. Be3 ({Ftacnik} 16. Bf4
Rf8 17. Bg3 g5 18. h3 Rxf3 19. gxf3 b4 20. Rfc1 Rd2 21. Kf1 bxc3 22. bxc3 Ba3
$17 {Cuijpers,F-Pieper Emden,C/BL2-W 8990 (1990) ;BL2 1990/1/2-1/2 (56)}) 16...
Rd5 17. Rfc1 {Looks a bit more accurate than 17.Rac1 as it frees the f1-square
for the white king and leaves option of a2-a4 open.} (17. Rac1 Nxe5 18. Nxe5
Rxe5 19. Rxc2 Kf7 ({Ftacnik} 19... Kd7 20. Bd4 Rg5 21. Rd2 Rd5 22. Re2 Bf6 23.
Re4 Bxd4 24. cxd4 $14) (19... O-O 20. c4 $14) 20. c4 (20. Bf4 Rc5 21. Rd2 Rd8
22. Rxd8 Bxd8 23. Rd1 Rd5 24. Rc1 c5 25. Kf1 Bf6 26. Ke2 c4 27. Bc7 Kg6 28. Rd1
Rxd1 29. Kxd1 Kf5 30. Ke2 h5 31. Bd6 Ke4 32. f3+ Kd5 33. Bc7 g6 34. g3 Bg5 {
Borriss,M-Pieper Emden,C/Budapest Cansys IM-A (01) ;EXT 91 1991/1/2-1/2 (47)})
20... b4 (20... Rc8 21. Rfc1 Bd6 22. g3 Ra8 23. c5 Be7 24. Bf4 Rd5 25. Bxc7 Rc8
26. Bb6 Rc6 27. b4 Rd4 28. Rb1 Bf6 29. Kf1 e5 30. Ke2 Ke6 31. Rd2 e4 32. Rc2
Kd5 33. f3 exf3+ 34. Kxf3 Re6 35. Rb3 {Akopian,V-Daniliuk,S/St.Petersburg op ;
TD 93\09 1993/1/2-1/2 (83)}) ({Ftacnik} 20... Bd6 $5) 21. Rd1 Rd8 22. Rxd8 Bxd8
23. Kf1 Bg5 24. Ba7 Rf5 25. Ke2 Ke8 26. Kd3 Kd7 27. f3 c5 28. Re2 Be7 29. Bb8
$14 {1/2-1/2 Xie Jun-Polgar,Z/Jaen 1996/CBM 52/[Ftacnik] (46)}) 17... Nxe5 18.
Nxe5 Rxe5 19. Rxc2 (19. Bd4 $5 $146 {after} Re2 20. Kf1 Rd2 21. Be3 Rd5 22.
Rxc2 O-O {leads to 19.R:c2 with moves Kf1 and Rd5 included.} 23. a4 Bd6 $14 {
/= 1-0 Gruenfeld,Y-Greenfeld,A/Biel 1999 (57)}) 19... O-O {[%cal Ge7c5][%mdl
4096]} 20. g3 $5 $146 {An attempt to keep the bishops in play at least for a
while as the rook endgame seems to be drawish.} (20. c4 Bc5 $1 $11 21. cxb5
Bxe3 22. fxe3 axb5 23. Rxc7 Rxe3 24. Rd1 h6 25. h3 Rf5 26. Rd2 Kh7 {1/2-1/2
Luther,T-Beckemeier,W/BL9091 1991/GER-chT (26)}) 20... Bc5 21. Bf4 {[%cal
Gf4c7]} Ref5 $8 22. Re1 g5 23. Be3 {White has no choice and he will have to
try making use of the only Black's weakness on e6 and a slightly better pawn
structure on the queenside in rook endgame.} Bxe3 24. Rxe3 Kf7 25. Rce2 Re8 26.
Re5 (26. Rd2 $5 {after} Rd5 (26... Ke7 $6 27. Red3) 27. Rxd5 exd5 28. Rxe8 Kxe8
{leads to an interesting pawn endgame.For example:} 29. b4 Kd7 30. f4 gxf4 31.
gxf4 Kd6 32. Kf2 c5 33. bxc5+ (33. Ke3 d4+ 34. cxd4 cxb4 $11 {[%cal Ga6a5,
Ga5a4]}) (33. a3 $5) 33... Kxc5 34. Ke3 Kc4 35. Kd2 (35. f5 Kxc3 36. f6 d4+ 37.
Ke2 Kc2) 35... d4 36. cxd4 Kxd4 37. f5 Ke5 38. Kc3 a5 (38... Kxf5 39. Kb4 Kg4
40. Ka5 Kh3 41. Kxa6 Kxh2 42. Kxb5 $11) 39. f6 Kxf6 40. Kd4 Kf5 41. Kc5 Kg4 42.
Kxb5 Kh3 43. Kxa5 Kxh2 $11) 26... h5 {Black repairs pawn structure on the king
side.} 27. h3 ({Now pawn ending is equal:} 27. Rxf5+ exf5 28. Rxe8 Kxe8 $11)
27... Re7 {[%cal Gf7f6]} 28. Kg2 Kf6 29. R5e4 Rd5 30. f4 $1 {Creating an extra
pawn on the king side.} e5 (30... g4 $5) 31. fxg5+ Kxg5 32. Rf2 $14 Rg7 (32...
Kg6 $5 {deserved serious attention in order to meet} 33. g4 ({or} 33. c4 {with}
Rd4) {with} 33... h4) 33. c4 Rc5 34. b3 $5 bxc4 35. b4 $1 Rd5 36. Rxc4 {
[%csl Ra6,Rc7,Re5,Rh5] Additional weaknesses in the Black's camp are created.
Now all his pawns are weak,but it's still can't guarantee a win for White.} Rd3
$1 {[%csl Rg3][%cal Gg7g3,Gd3g3,Gg5h6] It's a good time to think about
counterplay.The only object of attack in White's camp is the g3-pawn and Black
is trying to attack it.} 37. a4 (37. Rc6 {can be met with} Rg6 $1 38. Rxc7 $140
Kh6 {[%csl Rg3]} 39. Rf3 Rd2+ 40. Rf2 (40. Kf1 Rxa2 $11) 40... Rd3) 37... Kh6
38. Rf6+ Kh7 39. g4 hxg4 {A little achievment.One of the Black's weaknesses is
exchanged.} 40. hxg4 ({Or} 40. Rxg4 Rd4 $1 41. Rxg7+ Kxg7 42. Rxa6 Rxb4 43. a5
Ra4 $11) 40... Rd4 $1 {Most simple way to equality.} 41. Rxd4 exd4 42. Rf4 ({
After} 42. Rxa6 d3 43. Kf2 (43. Kf3 $4 Rd7 $1 $19) 43... Rxg4 {draw is
inevitable:} 44. Ke3 (44. b5 Re4 45. Rc6 Rxa4 46. Rxc7+ Kg6 47. Ke3 Rb4 (47...
Rd4 48. Kd2 Rb4 49. Rb7 Rb3 $11) 48. Rc6+ Kf5 49. Rc5+ Ke6 50. Kxd3 Kd6 $11)
44... Rxb4 45. Kxd3 Kg7 46. Kc3 Rb1 $5 $11 {[%cal Gg7f7,Gf7e7,Ge7d7]}) 42...
Rd7 43. Kf2 {Typical method.King stops the pawn without any aid of the rook.}
d3 44. Ke1 d2+ 45. Kd1 Kg6 46. Rc4 (46. a5 Rd6 (46... Kg5 $5 47. Rf5+ Kxg4 48.
Rf6 Rd4 49. Rxa6 Rxb4 50. Kxd2 Ra4 51. Kc3 (51. Ra8 Kf5 52. a6 $140 Ke6 53. a7
Kd7 $11) 51... Kf5 52. Kb3 Ra1 53. Kb4 Ke5 54. Rc6 Kd5 55. Rxc7 Rb1+ 56. Ka4
Kd6 {with theoretical draw.}) 47. Rc4 Kg5 {see the game}) 46... Kg5 47. a5 Rd6
$1 {Black is ready to exchange c7 and g4 pawns.} 48. Re4 (48. Rxc7 Kxg4 49. Rb7
Kf5 50. Rb6 Rd4 $11 (50... Ke5 $5 51. Rxd6 Kxd6 52. Kxd2 Kc6 $11 {Black is
just waiting on the d6 and c6 squares and White can't make progress.})) 48...
Kh4 49. Rf4 Kg5 50. Rc4 Kh4 51. Rc2 Rd4 $1 {It's important to swap the b4-pawn
leaving White with the only a-pawn which is not enough for a win.} (51... Kxg4
$6 52. Rxd2 Rxd2+ $2 53. Kxd2 c6 (53... Kf5 54. b5 $18) 54. Ke3 Kf5 55. Kd4 Ke6
56. Kc5 Kd7 57. Kb6 Kd6 58. Kxa6 Kc7 59. Ka7 $18) 52. Rc6 $1 {The last chance.}
Kxg4 53. Rxa6 Kf3 $6 (53... Rxb4 {was the most simple way to reach a draw.} 54.
Kxd2 Ra4 55. Kc3 Kf5 56. Kb3 Ra1 57. Kb4 Ke5 {see 46.a5 Kg5!?}) 54. Re6 Rxb4
55. Kxd2 Ra4 $6 (55... Kf4 $5 $11 {[%cal Gb4a4] see 56.a6}) 56. Re5 $1 {
Cutting Black's king.} (56. a6 Kf4 57. Kc3 Kf5 58. Kb3 Ra1 59. Rh6 Ke5 60. Kc4
Rc1+ 61. Kb5 Rb1+ $11 62. Kc6 $140 Rb6+) 56... Kf4 57. Rh5 Ra3 58. Kc2 Rg3 $1 {
[%mdl 256] After inaccurate play on 55-th and 53-rd moves Black has to look
for a study escape.} (58... Ke4 59. Kb2 Rd3 60. a6 Rd8 61. Kc3 Ra8 (61... Rd1
62. Ra5 Rd8 63. a7 Ra8 64. Kc4 $18) 62. Ra5 {[%cal Gc3c4,Gc4c5,Gc5c6] and
Black is in serious danger.}) 59. Kb2 ({In case of} 59. a6 Ra3 $1 (59... Ke4 $2
60. Ra5 Rg8 61. a7 Ra8 62. Kc3 $18) 60. Rh6 {Black escapes with the help of
checks from behind as when White's king reaches the c6-square the check from
b6 is following with immediate draw.} Ke4 61. Kb2 Ra5 62. Kc3 Ra1 $1 63. Kc4 (
63. Kb2 Ra5) 63... Rc1+ 64. Kb5 (64. Kb3 Ra1) 64... Rb1+ 65. Kc6 $140 Rb6+)
59... Rg6 {Finally Black gets drawish set up putting his rook on a6 and pawn
on c6.} 60. Kc3 Ra6 61. Kb4 c6 $11 62. Rh8 ({Or} 62. Kc4 Ke4 63. Rc5 Ra8 $11)
62... Ke5 63. Rb8 Kd6 64. Rb6 Ra7 ({It wasn't late to make decisive mistake} 
64... Rxb6+ $4 65. axb6 c5+ (65... Kd7 66. Kc5 Kd8 67. Kd6 $1 {[%cal Gb6b7]}
Kc8 68. Kxc6 Kb8 69. b7 $18) 66. Kb5 c4 67. Ka6 $1 c3 68. b7 Kc7 69. Ka7 $18)
65. a6 Kc7 66. Kc5 Kc8 67. Kxc6 (67. Rxc6+ Kb8 ({But not} 67... Rc7 $4 68. a7
$1 $18) 68. Kb6 Rb7+ $11) 67... Rh7 68. Rb7 Rxb7 69. axb7+ Kb8 1/2-1/2

[Event "Lee Cup 4th"]
[Site "Beijing"]
[Date "1997.09.01"]
[Round "8"]
[White "Yin, Hao"]
[Black "Wu, Wenjin"]
[Result "1/2-1/2"]
[WhiteElo "2410"]
[BlackElo "2320"]
[Annotator "Mikhalevski,V"]
[PlyCount "31"]
[EventDate "1997.08.23"]
[EventType "swiss"]
[EventRounds "11"]
[EventCountry "CHN"]
[SourceTitle "CBM 061"]
[Source "ChessBase"]
[SourceDate "1997.11.23"]
[SourceVersion "1"]
[SourceVersionDate "1997.11.23"]
[SourceQuality "1"]

1. e4 e5 2. Nf3 Nc6 3. Bb5 a6 4. Ba4 Nf6 5. O-O Nxe4 6. d4 b5 7. Bb3 d5 8. dxe5
Be6 9. c3 Be7 10. Be3 Qd7 11. Nbd2 Rd8 12. h3 O-O 13. Bc2 f5 (13... Bf5 14.
Nxe4 Bxe4 15. Bxe4 dxe4 16. Qxd7 Rxd7 17. e6 Rd3 $5 (17... fxe6 18. Nd2 $14)
18. exf7+ Rxf7 19. Nd2 Bc5 $1 20. Bxc5 Rxd2 21. b4 Ne5 22. Rfd1 Rfd7 23. Rxd2
Rxd2 24. a4 Nd3 25. axb5 axb5 26. Ra8+ Kf7 27. Rf8+ Kg6 28. Be3 Rc2 29. Bd4 Nc1
30. Kh2 Ne2 31. Be5 Nxc3 32. Rg8 Nd5 33. Rxg7+ Kf5 34. Bd4 Nxb4 35. Re7 c5 36.
Bh8 Nd3 37. g4+ Kg5 38. Kg3 Rxf2 39. Rg7+ Kf6 40. Rd7+ Ke6 41. Rxd3 Rf8 42. Rc3
Rxh8 43. Rxc5 Rb8 44. Kf4 b4 45. Kxe4 b3 46. Rc6+ Kf7 47. Rc7+ Kf6 48. Rc6+ Kg5
49. Rc5+ Kg6 50. Rc6+ Kg7 51. Rc7+ Kg8 52. Rc1 b2 53. Rb1 Rb3 54. Kd4 Kg7 55.
Kc4 Rxh3 56. Rxb2 Rg3 57. Kd4 {1/2-1/2 Bologan,V-Daniliuk,S/RUS-Cup6 1997/CBM
59}) 14. exf6 Nxf6 15. Qb1 (15. Re1 Bf5) 15... h6 (15... Kh8 16. Ng5 Bg8 17.
Bf5 Qd6 $14) 16. Bf4 {[16...d4!|^]} (16. Re1 Nh5 17. Qd1 Nf4 18. Bxf4 Rxf4 19.
Qe2 Bf5 20. Bxf5 Rxf5 21. a4 Rb8 22. axb5 axb5 23. Ra6 Bc5 24. Qe6+ Qxe6 25.
Rxe6 Nd8 26. Re8+ Rf8 27. Re5 c6 28. b4 Bd6 29. Re2 Rf6 30. Kf1 Rc8 {Al
Modiahki,M-Milos,G/Moscow olm 1994/EXP 44/1-0 (43)}) 1/2-1/2

[Event "Olympiad-39"]
[Site "Khanty-Mansiysk"]
[Date "2010.09.30"]
[Round "9.4"]
[White "Balogh, Csaba"]
[Black "Mikhalevski, Victor"]
[Result "1/2-1/2"]
[WhiteElo "2608"]
[BlackElo "2610"]
[Annotator "Mikhalevski,V"]
[PlyCount "88"]
[EventDate "2010.09.21"]
[EventType "team-swiss"]
[EventRounds "11"]
[EventCountry "RUS"]
[SourceTitle "CBM 139"]
[Source "ChessBase"]
[SourceDate "2010.11.18"]
[SourceVersion "1"]
[SourceVersionDate "2010.11.18"]
[SourceQuality "1"]
[WhiteTeam "Hungary"]
[BlackTeam "Israel"]
[WhiteTeamCountry "HUN"]
[BlackTeamCountry "ISR"]

1. e4 e5 2. Nf3 Nc6 3. Bb5 a6 4. Ba4 Nf6 5. O-O Nxe4 6. d4 b5 7. Bb3 d5 8. dxe5
Be6 9. Be3 Be7 10. c3 Nc5 11. Bc2 Nd7 {A pretty safe line for Black, which
usually leads to a dry position with minimal chances for White to fight for
advantage. The main disadvantage of this approach is that Black can hardly
hope to play for a win, though in this particular game I got a slight edge.}
12. Re1 {Virtually forced.} (12. Bd4 {is hardly a good idea.}) 12... Ndxe5 13.
Nxe5 Nxe5 14. Bd4 Ng6 ({According to theory} 14... Nc6 {is dangerous for Black.
}) 15. Bxg7 Rg8 16. Bxg6 Rxg7 17. Rxe6 $1 hxg6 18. Re2 Kf8 {The first junction
after 12.Re1.} 19. Qd3 {Before developing the knight to d2 White is activating
the queen.} (19. Nd2 {is the main alternative, though sometimes it just leads
to transposition.} Rh7 20. Nf3 Qd6 (20... Bf6 21. h3 Rh8 (21... Kg7 22. Qd3 Qd6
(22... Rh8 {occuried in 1/2-1/2 Magem Badals,J (2485)-Flear,G (2470)/Palma de
Mallorca 1991/TD (33).}) 23. Rae1 Rd8 {transposes to the game.}) 22. Qd2 Qd6
23. Rae1 Kg7 {1/2-1/2 Becerra Rivero,J (2598)-Mikhalevski,V (2592)/Lubbock
2008/CBM 126}) 21. a4 Rd8 22. Qd3 Qb6 23. axb5 axb5 24. Nd4 Bf6 25. g3 Kg7 26.
h4 Rhh8 27. Nxb5 Rhe8 28. Rae1 Re4 {[%csl Rb5] 1-0 Jakovenko,D (2596)
-Mikhalevski,V (2553)/Montreal 2005/CBM 105/[Mikhalevski,V] (83). With some
good compensation for a pawn thanks to a misplaced knight on b5.}) 19... Rh7 {
This seems to be the most useful move as Black will have an important tempo ...
Qd6, while the rook is definitely more active compared to g7.} (19... c6 {
1-0 Stripunsky,A (2533)-Fishbein,A (2505)/San Diego 2004/CBM 105/[Finkel,A] 
(48)}) 20. Nd2 Bf6 {Black is getting ready to play d4.} ({Black has also played
} 20... c6 {, which doesn't look like a necessity.}) 21. Nf3 Qd6 {Nominally a
novelty, which in fact just transposes to a correspondence game.} (21... Kg7
22. Rae1 Qd6 {is how that correspondence game continued.}) 22. Rae1 {[%cal
Gf3e5]} ({Also after} 22. a4 $5 Rb8 23. axb5 axb5 24. Ra5 Qb6 {Black is close
to equality.} (24... c6 $5)) 22... Kg7 23. h3 Rd8 (23... Rh5 $5 {[%csl Ge5]
Preventing Ne5 was also good.}) 24. Ne5 Rh5 $1 {Attacking White's only active
piece.} ({The immediate} 24... d4 $6 25. cxd4 Qxd4 26. Qc2 {is slightly better
for White, though even here Black shouldn't have big problems.}) 25. Ng4 ({
During the game my main worry was} 25. f4 {, but Black is fine after} d4 (25...
Rf5 $5 26. Qf3 (26. Qd2 Qc5+ 27. Kh2 d4) 26... Bxe5 27. fxe5 Qb6+ 28. Qe3 d4 $1
29. cxd4 Rxd4 30. e6 fxe6 31. Qxe6 Rd6+ 32. Qe3 Qxe3+ 33. Rxe3 c5 {with the
most likely result being a draw, though White has to be accurate.}) 26. c4 $1 (
{or} 26. g4 Rhh8 27. Re4 (27. c4 c5 $15) 27... dxc3 28. Qxc3 c5 $15) 26... Rf5
27. cxb5 axb5 28. Re4 Bxe5 29. fxe5 Qb4 30. R1e2 (30. e6 Qxb2 $1 $15) 30... c5
31. g4 c4 32. Qd2 Qxd2 33. Rxd2 Rf3 34. Kg2 Rd3 35. Rxd3 cxd3 36. Kf3 Rh8 37.
Rxd4 Rxh3+ 38. Ke4 Rh2 $11) 25... d4 $1 {If Black had any problems they are
already in past.} 26. Nxf6 ({After} 26. cxd4 Bxd4 {the bishop is superior to
the knight.}) 26... Qxf6 27. cxd4 Rxd4 28. Qc3 c5 $15 {Now only Black may
think of playing for a win.} 29. b3 Rhd5 {Black has obtained a dream position
for this line.} 30. Rc2 {Surprisingly only this move turned out to be a
novelty.} ({In the only preceding game White played} 30. Kf1 b4 31. Qb2 c4 32.
bxc4 Rxc4 $15 {with a slight edge for Black in 1/2-1/2 Lautenbach,W (2205)
-Popov,V (2138)/ICCF WS 2005/ICCF CBM 125 (45).}) 30... Rd1 $6 {Being in some
time-trouble I missed White's 32th move.} ({After the correct} 30... c4 $15 {
White wouod still have to suffer a little bit.}) 31. Qxf6+ Kxf6 32. Kf1 $1 $11
{I missed this move. Now I don't see any chances for a win.} R5d2 33. Rxc5 {
The simplest.} Rxe1+ 34. Kxe1 Rxa2 35. h4 {[%cal Gg2g4,Gh4h5] White wants to
create a passed pawn on the h-file.} Ke6 {On the contrary Black is trying to
remove White's rook from the fifth rank in order to advance his a-pawn.} 36. g4
Kd6 37. Rc1 $1 {Preventing the Ra1 idea.} Rb2 {Forcing exchanges as I
understood there was nothing to play for any more.} 38. Ra1 Rxb3 39. Rxa6+ Ke5
40. h5 gxh5 41. gxh5 f5 42. h6 Rh3 43. Rb6 Kf4 44. Ke2 Rh2 {... and not
waiting for 45.Rxb5 a draw was agreed. The game proved once again that the
line which occurred in the game is a safe bet for Black.} 1/2-1/2